| 000 | 00760nam a2200217Ia 4500 | ||
|---|---|---|---|
| 003 | OSt | ||
| 005 | 20260130102537.0 | ||
| 008 | 220923b |||||||| |||| 00| 0 eng d | ||
| 020 | _a9780822341918 | ||
| 037 | _cGeneral Book | ||
| 040 |
_aRTL _cRTL _beng |
||
| 041 |
_2eng _aeng |
||
| 084 |
_a Y:436.6, P8 _q RTL |
||
| 100 |
_aFinnstorm Sverker _9265842 |
||
| 245 | 0 |
_aLiving with bad surroundings: war, history and everyday moments in Northern Uganda _b |
|
| 260 |
_aDurham _bDuke University Press _c2008 |
||
| 300 |
_axi, 286p _bIncludes bibliographical references and index |
||
| 650 |
_aSociology _91112880 |
||
| 942 |
_hY:436.6, P8 _cGB _2CC _n0 |
||
| 999 |
_c546245 _d546245 |
||